[Event "EU-chT (Women)"]
[Site "Debrecen"]
[Date "1992.??.??"]
[Round "3"]
[White "Zimmersmann, Rita"]
[Black "Veroci, Zsuzsa"]
[Result "1-0"]
[WhiteElo "2280"]
[BlackElo "2325"]

1.e4 c5 2.Nf3 e6 3.d4 cxd4 4.Nxd4 a6 5.Bd3 Nf6 6.O-O Qc7 7.c4 d6 8.Nc3 g6
9.Be3 Bg7 10.Rc1 O-O 11.f3 Nbd7 12.b4 b6 13.Nb3 Bb7 14.Qd2 Rac8 15.Qf2 Ne5
16.Be2 Nxc4 17.Bxc4 Qxc4 18.Nd5 exd5 19.Rxc4 dxc4 20.Nd4 Nd7 21.Nc2 b5 22.Rd1 Ne5
23.Rxd6 Rfd8 24.Bc5 Nd3 25.Qh4 Re8 26.Bd4 Ne5 27.Qg5 Bc6 28.h4 f5 29.exf5 Nf7
30.Rxg6 Nxg5 31.Rxg7+ Kf8 32.hxg5 Re2 33.Rxh7 Bd5 34.Ne3 Bg8 35.Ra7 c3 36.Bg7+ Ke8
37.Ng4 Re7 38.Nf6+ Kf7 39.Rxe7+ Kxe7 40.Nxg8+ Rxg8 41.Bxc3 Rxg5 42.g4 Rg8
43.Kf2 Rc8 44.Be5 Rc2+ 45.Kg3 Rxa2 46.g5 a5 47.bxa5 Rxa5 48.Bc3 Ra4 49.g6 b4
50.Bg7 b3 51.f6+ Ke6 52.f7 Ra8 53.Kg4 Ke7 54.Kg5 Rb8 55.Bb2 Rb5+ 56.Kh6 Rf5
57.Kg7 Rxf3 58.Ba3+ Ke6 59.f8=Q  1-0

[Event "EU-chT (Men)"]
[Site "Debrecen"]
[Date "1992.??.??"]
[Round "7"]
[White "Dutreeuw, Marc"]
[Black "Horvath, Csaba"]
[Result "1-0"]
[WhiteElo "2425"]
[BlackElo "2485"]

1.e4 c5 2.Nf3 e6 3.d4 cxd4 4.Nxd4 a6 5.Bd3 Nf6 6.O-O Qc7 7.Qe2 d6 8.c4 g6
9.b3 Bg7 10.Bb2 O-O 11.Nd2 Nbd7 12.Rac1 b6 13.Rfd1 Bb7 14.Bb1 Nh5 15.Nf1 Bh6
16.Rc3 Rae8 17.Qxh5 gxh5 18.Rg3+ Bg7 19.Nxe6 Rxe6 20.Rxg7+ Kh8 21.Rxf7+ Re5
22.Bxe5+ dxe5 23.Rfxd7 Qc5 24.Ne3 Bc8 25.R7d5 Qa3 26.c5 b5 27.Nf5 Bxf5 28.exf5 Qb2
29.c6 Rc8 30.f6 Kg8 31.Rd7 e4 32.c7  1-0

[Event "EU-chT (Women)"]
[Site "Debrecen"]
[Date "1992.??.??"]
[Round "8"]
[White "Grabics, Monika"]
[Black "Jahn, Constanze"]
[Result "0-1"]
[WhiteElo "2145"]
[BlackElo "2185"]

1.e4 c5 2.Nf3 e6 3.d4 cxd4 4.Nxd4 a6 5.Bd3 Nc6 6.Nxc6 dxc6 7.O-O e5 8.Nd2 Bd6
9.Nc4 Bc7 10.Be3 b5 11.Nd2 Ne7 12.Qe1 Ng6 13.Rd1 O-O 14.Nf3 Qf6 15.b3 Bg4
16.Be2 Nf4 17.Bxf4 Qxf4 18.Nd2 Be6 19.Bd3 Bb6 20.Qe2 Rae8 21.Kh1 Bg4 22.f3 Bc8
23.Rfe1 Re6 24.Nf1 Ba5 25.g3 Qg5 26.Qe3 Qd8 27.Be2 Qc7 28.c3 Bb6 29.Qc1 Bf2
30.Ne3 Rh6 31.g4 Qb6 32.Rd3 Bxe1 33.Qxe1 Rd8 34.Qd2 Rxd3 35.Qxd3 Qc7 36.c4 Qd6
37.Qc3 b4 38.Qc1 Qd4 39.Qg1 Qd2 40.Bf1 Rd6 41.c5 Rd8 42.Nc4 Qxa2 43.Nxe5 Be6
44.Nxc6 Rd1 45.Nd4 Qa1 46.Nc2 Qc3 47.Qf2 Rd2 48.Qg3 h6 49.g5 Rxc2 50.gxh6 Rc1
51.h7+ Kh8  0-1

[Event "Doha op"]
[Site "Doha"]
[Date "1992.??.??"]
[Round "9"]
[White "Thipsay, Praveen Mahadeo"]
[Black "Murshed, Niaz"]
[Result "1/2-1/2"]
[WhiteElo "2475"]
[BlackElo "2505"]

1.e4 c5 2.Nf3 e6 3.d4 cxd4 4.Nxd4 a6 5.Bd3 Qc7 6.O-O Nf6 7.Qe2 d6 8.Nd2 g6
9.f4 Bg7 10.Kh1 O-O 11.N2f3 e5 12.Nb3 exf4 13.Bxf4 Nh5  1/2-1/2

[Event "Dortmund op-A"]
[Site "Dortmund"]
[Date "1992.??.??"]
[Round "1"]
[White "Micic, Jordanka"]
[Black "Kochyev, Alexander"]
[Result "0-1"]
[WhiteElo "2265"]
[BlackElo "2495"]

1.e4 c5 2.Nf3 e6 3.d4 cxd4 4.Nxd4 a6 5.Bd3 Nf6 6.O-O Qc7 7.c4 Bc5 8.Nc2 Nc6
9.Be3 Ne5 10.Bxc5 Qxc5 11.Qe2 b6 12.Nc3 Bb7 13.b4 Qc7 14.f4 Nxd3 15.Qxd3 d6
16.Rae1 Rc8 17.Ne3 b5 18.e5 dxe5 19.fxe5 bxc4 20.Qd4 Nd7 21.Nf5 exf5 22.e6 Nf6
23.Rxf5 O-O 24.Rxf6 gxf6 25.e7 Rfe8 26.Re3 Rxe7 27.Rg3+ Kf8 28.Qxf6 Qe5  0-1

[Event "Dortmund op-A"]
[Site "Dortmund"]
[Date "1992.??.??"]
[Round "6"]
[White "Kaeser, Udo"]
[Black "Podzielny, Karl Heinz"]
[Result "0-1"]
[WhiteElo "2280"]
[BlackElo "2450"]

1.e4 c5 2.Nf3 e6 3.d4 cxd4 4.Nxd4 a6 5.Bd3 Nf6 6.O-O Qc7 7.c4 d6 8.Nc3 Nbd7
9.Be3 g6 10.Rc1 Bg7 11.f3 O-O 12.Qd2 Re8 13.Rfd1 b6 14.Bf1 Bb7 15.Qf2 Rac8
16.b4 Qb8 17.Nb3 Ne5 18.Na4 d5 19.Nxb6 dxe4 20.Nxc8 Rxc8 21.Be2 exf3 22.gxf3 Ba8
23.Nc5 Qxb4 24.Nd3 Nxd3 25.Rxd3 Bf8 26.Bd4 Nd7 27.Rdd1 e5 28.Be3 Nc5 29.Qh4 Qa3
30.Bf2 Ne6 31.Rd7  0-1

[Event "Dortmund op-A"]
[Site "Dortmund"]
[Date "1992.??.??"]
[Round "6"]
[White "Ernst, Thomas"]
[Black "Lau, Ralf"]
[Result "1/2-1/2"]
[WhiteElo "2535"]
[BlackElo "2480"]

1.e4 c5 2.Nf3 e6 3.d4 cxd4 4.Nxd4 a6 5.Bd3 Nf6 6.O-O Qc7 7.Be3 d5 8.Nc3 dxe4
9.Nxe4 Nbd7 10.Nxf6+ Nxf6 11.Qf3 Bd6 12.h3 O-O 13.Rad1 Bd7 14.Rfe1 Rae8 15.Bg5 Be5
16.Bf1 Nd5 17.c3 b5 18.Qe4 Bh2+ 19.Kh1 Bf4 20.Bxf4 Nxf4 21.Nf3 Bc6 22.Qe5 Re7
23.Qxc7 Rxc7 24.Re3 Bd5  1/2-1/2

[Event "Dortmund op-A"]
[Site "Dortmund"]
[Date "1992.??.??"]
[Round "6"]
[White "Sinowjew, Juri"]
[Black "Razuvaev, Yuri S"]
[Result "1/2-1/2"]
[WhiteElo "2310"]
[BlackElo "2575"]

1.e4 c5 2.Nf3 e6 3.d4 cxd4 4.Nxd4 a6 5.Bd3 Bc5 6.Nb3 Ba7 7.O-O Nc6 8.Qe2 d6
9.Be3 Nf6 10.c4 O-O 11.Nc3 Bxe3 12.Qxe3 Ne5 13.Be2 Qc7 14.Qd4 Nc6 15.Qd2 Ne5  1/2-1/2

[Event "Dortmund op-A"]
[Site "Dortmund"]
[Date "1992.??.??"]
[Round "8"]
[White "Kaminski, Marcin"]
[Black "Podzielny, Karl Heinz"]
[Result "0-1"]
[WhiteElo "2360"]
[BlackElo "2450"]

1.e4 c5 2.Nf3 e6 3.d4 cxd4 4.Nxd4 a6 5.Bd3 Nf6 6.O-O Qc7 7.Qe2 d6 8.c4 Nbd7
9.b3 g6 10.Bb2 Bg7 11.Nd2 O-O 12.Rac1 b6 13.b4 Bb7 14.N2b3 Rfe8 15.Kh1 Bh6
16.Rc2 e5 17.Nf3 Nh5 18.Ng1 Nf4 19.Qd1 f5 20.f3 Nxd3 21.Qxd3 fxe4 22.fxe4 Rf8
23.Rcf2 Rxf2 24.Rxf2 Rf8 25.Rxf8+ Bxf8 26.Ne2 Nf6 27.Nc3 Qf7 28.Kg1 Ng4 29.Qf3 Qxf3
30.gxf3 Ne3 31.Nd2 Bh6 32.a3 Nc2 33.Nb3 Ne1 34.Nd5 Nxf3+ 35.Kg2 Ne1+ 36.Kf1 Nd3
37.Bc3 Kf7 38.Ke2 Nf4+ 39.Kf3 Nxd5 40.exd5 Bf8 41.a4 Be7 42.Ke4 Bc8 43.a5 Bf5+
44.Kf3 bxa5 45.Nxa5 Bd3 46.Bd2 e4+ 47.Kg3 Kf6 48.Be3 Bd8 49.Nb7 Bc7 50.c5 dxc5+
51.d6 Bxd6+ 52.Nxd6 cxb4 53.Bd2 b3 54.Nb7 Ke5 55.Bc3+ Kd5 56.Kf4 Kc4 57.Bb2 Kb4
58.Nd6 a5 59.Nxe4 g5+ 60.Ke3 Bxe4 61.Kxe4 g4 62.Kd3 a4 63.Kd2 h5 64.Kc1 a3
65.Bf6 Kc4 66.Be7 a2 67.Kb2 Kd3 68.Bf6 a1=Q+ 69.Kxa1 Kc2 70.Bd4 h4 71.Be5 g3
72.hxg3 hxg3 73.Bb2 g2 74.Bc1 b2+  0-1

[Event "Dortmund op-A"]
[Site "Dortmund"]
[Date "1992.??.??"]
[Round "10"]
[White "Moutousis, Konstantinos"]
[Black "Van Wely, Loek"]
[Result "1-0"]
[WhiteElo "2405"]
[BlackElo "2560"]

1.e4 c5 2.Nf3 e6 3.d4 cxd4 4.Nxd4 a6 5.Bd3 Qc7 6.O-O g6 7.c4 Bg7 8.Nf3 d6
9.Nc3 Nd7 10.Qe2 Ngf6 11.Rd1 O-O 12.Bf4 Ng4 13.Rac1 Nge5 14.Nxe5 Nxe5 15.Be3 Bd7
16.f4 Nxd3 17.Qxd3 Rfd8 18.Qxd6 Qxc4 19.Bb6 Bf8 20.Qd4 Qc8 21.Kh1 Bg7 22.Qd6 Bf8
23.Qd2 Qc6 24.Nd5 exd5 25.Rxc6 Bxc6 26.Bxd8 Rxd8 27.exd5 Rxd5 28.Qxd5 Bxd5
29.Rxd5 b6 30.g4 Bc5 31.Kg2 Kf8 32.Kf3 Ke7 33.Ke4 Bd6 34.h4 Ke6 35.f5+ Ke7
36.Rd3 Bc5 37.Ke5 a5 38.f6+ Ke8 39.a4 h6 40.h5 g5 41.b3 Ba3 42.Rd6 Bc5 43.Kd5  1-0

[Event "Dresden op"]
[Site "Dresden"]
[Date "1992.??.??"]
[Round "?"]
[White "Dobrovolsky, Ladislav"]
[Black "Chuchelov, Vladimir"]
[Result "0-1"]
[WhiteElo "2390"]
[BlackElo "2490"]

1.e4 c5 2.Nf3 e6 3.d4 cxd4 4.Nxd4 a6 5.Bd3 Nf6 6.O-O Qc7 7.Kh1 Bc5 8.Nb3 Be7
9.f4 d6 10.c4 O-O 11.Nc3 b6 12.Qe2 Nbd7 13.Bd2 Bb7 14.Rae1 Rfd8 15.Rf3 Bf8
16.Rh3 g6 17.e5 Ne8 18.Ne4 Bg7 19.Ng5 Nf8 20.Bc3 Qe7 21.Ne4 Rac8 22.Bd4 Nd7
23.exd6 Nxd6 24.Ng5 h6 25.Nf3 Qf8 26.Ne5 Nc5 27.Nxc5 bxc5 28.Bc3 Nf5 29.Bxf5 exf5
30.Rd3 Rxd3 31.Qxd3 Rd8 32.Qe3 Qd6 33.Ba5 Rb8 34.Qe2 Re8 35.Qd2 Qxd2 36.Bxd2 g5
37.Kg1 Be4 38.Bc3 gxf4 39.Nd7 Bxc3 40.bxc3 Rc8 41.Nf6+ Kg7 42.Nh5+ Kf8 43.Nxf4 Rb8
44.Re2 Rb1+ 45.Kf2 Rc1 46.Nd5 Bd3 47.Re5 Rc2+ 48.Kg3 Bxc4 49.Rxf5 Bxa2  0-1

[Event "Dresden op"]
[Site "Dresden"]
[Date "1992.??.??"]
[Round "?"]
[White "Dobrovolsky, Ladislav"]
[Black "Miezis, Normunds"]
[Result "1-0"]
[WhiteElo "2390"]
[BlackElo "2360"]

1.e4 c5 2.Nf3 e6 3.d4 cxd4 4.Nxd4 a6 5.Bd3 Nc6 6.Nxc6 dxc6 7.Be3 e5 8.Nd2 Nf6
9.Nc4 Be6 10.O-O Nd7 11.f4 b5 12.Nxe5 Nxe5 13.fxe5 Be7 14.Qf3 c5 15.Qg3 g5
16.Rad1 Qc8 17.Be2 Qc6 18.Bg4 Qxe4 19.Bxe6 fxe6 20.Bxg5 Rg8 21.Qf2 Rf8 22.Bf6 Rc8
23.Qf3 Qg6 24.Qh3 Rc6 25.Qf3  1-0

[Event "Dresden op"]
[Site "Dresden"]
[Date "1992.??.??"]
[Round "?"]
[White "Luther, Thomas"]
[Black "Chuchelov, Vladimir"]
[Result "1-0"]
[WhiteElo "2435"]
[BlackElo "2490"]

1.e4 c5 2.Nf3 e6 3.d4 cxd4 4.Nxd4 a6 5.Bd3 Nf6 6.O-O Qc7 7.Qe2 d6 8.c4 g6
9.Nc3 Bg7 10.Rd1 O-O 11.Nf3 Nc6 12.h3 Nd7 13.Bf4 Nde5 14.Rac1 Qe7 15.Kh1 Bd7
16.Bb1 Rac8 17.b3 h6 18.Nh2 g5 19.Be3 Nb8 20.Qd2 Rc6 21.Ne2 Be8 22.f4 gxf4
23.Nxf4 f6 24.Nd3 Nxd3 25.Bxd3 h5 26.Nf3 Nd7 27.Nd4 Rc8 28.c5 Bf7 29.cxd6 Qxd6
30.Nf3 Nc5 31.Bxc5 Rxc5 32.e5 Qc7 33.Rxc5 Qxc5 34.exf6  1-0

[Event "Wch U18"]
[Site "Duisburg"]
[Date "1992.??.??"]
[Round "10"]
[White "David, Edwin"]
[Black "Halac, Matias"]
[Result "1/2-1/2"]
[WhiteElo "2365"]
[BlackElo "2245"]

1.e4 c5 2.Nf3 e6 3.d4 cxd4 4.Nxd4 a6 5.Bd3 Nf6 6.O-O d6 7.c4 Bd7 8.Nc3 Nc6
9.Be3 Ne5 10.Be2 Rc8 11.b3 b5 12.f4 Ng6 13.Nc2 Be7 14.Qd2 O-O 15.Rac1 Qc7
16.h3 Qb8  1/2-1/2

[Event "Espoo op"]
[Site "Espoo"]
[Date "1992.??.??"]
[Round "?"]
[White "Klovans, Janis"]
[Black "Kivisto, Mikko"]
[Result "1-0"]
[WhiteElo "2410"]
[BlackElo "2270"]

1.e4 c5 2.Nf3 e6 3.d4 cxd4 4.Nxd4 a6 5.Bd3 Nf6 6.O-O d6 7.c4 Bd7 8.Nc3 Nc6
9.Be3 Ne5 10.Be2 Rc8 11.b3 b5 12.f4 Ng6 13.a3 e5 14.fxe5 Nxe5 15.Nf5 Be6
16.Nd5 Nxd5 17.exd5 Bxf5 18.Rxf5 bxc4 19.bxc4 g6 20.Rf1 Bg7 21.c5 Qa5 22.c6 O-O
23.Kh1 Rfe8 24.Rb1 Qxa3 25.Bd2 Qa2 26.Bf4 Nxc6 27.Bg4 f5 28.dxc6 fxg4 29.Qxd6 Re6
30.Qd7 Rexc6 31.Rb7 Qb2 32.Rxb2 Bxb2 33.g3 Bg7 34.Qd5+ Kh8 35.Be5 Rc5 36.Bxg7+ Kxg7
37.Qd7+ Kh6 38.Qd2+ Kg7 39.Qd7+ Kh6  1-0

[Event "FIN-chT"]
[Site "FIN"]
[Date "1992.??.??"]
[Round "?"]
[White "Helenius, Martti"]
[Black "Haapasalo, Jukka Pekka"]
[Result "1/2-1/2"]
[WhiteElo "2255"]
[BlackElo "2245"]

1.e4 c5 2.Nf3 e6 3.d4 cxd4 4.Nxd4 a6 5.Bd3 Bc5 6.Nb3 Ba7 7.Qe2 Nc6 8.Be3 d6
9.O-O Nf6 10.N1d2 O-O 11.Rad1 Bxe3 12.Qxe3 Qc7 13.Qg3 b5 14.Rfe1 e5 15.c4 Nb4
16.Bb1 Be6 17.Rc1 Qb6 18.c5 dxc5 19.Rxc5 Rfd8 20.Rxe5 h6 21.a3 Nc6 22.Rc5 Nd4
23.Rcc1 Rac8 24.Rxc8 Rxc8 25.Qe3 Rd8 26.h3 Rd6 27.e5 Nxb3 28.Qxb6 Rxb6 29.Nxb3 Bxb3
30.exf6 gxf6 31.Re3 Be6 32.b4 a5 33.Rc3 axb4 34.axb4  1/2-1/2

[Event "FIN-chT"]
[Site "FIN"]
[Date "1992.??.??"]
[Round "?"]
[White "Paavilainen, Jorma"]
[Black "Vooremaa, Andres"]
[Result "1/2-1/2"]
[WhiteElo "2300"]
[BlackElo "2345"]

1.e4 c5 2.Nf3 e6 3.d4 cxd4 4.Nxd4 a6 5.Bd3 Qc7 6.c4 Nf6 7.O-O Be7 8.b3 O-O
9.Bb2 d6 10.Nd2 Nbd7 11.Qe2 b6 12.f4 Bb7 13.Rae1 Nc5 14.Bb1 Nfd7 15.b4 Na4
16.Ba1 b5 17.Rc1 Rfc8 18.N4b3 Bf6 19.Bxf6 Nxf6 20.e5 Ne8 21.Na5  1/2-1/2

[Event "FIN-chT"]
[Site "FIN"]
[Date "1992.??.??"]
[Round "?"]
[White "Rytshagov, Mikhail"]
[Black "Vooremaa, Andres"]
[Result "1-0"]
[WhiteElo "2420"]
[BlackElo "2345"]

1.e4 c5 2.Nf3 e6 3.d4 cxd4 4.Nxd4 a6 5.Bd3 Qc7 6.O-O Nf6 7.Nc3 d6 8.f4 Nbd7
9.Kh1 Be7 10.Qe2 Nc5 11.e5 dxe5 12.fxe5 Nfd7 13.Bf4 Nf8 14.Rad1 Nxd3 15.Rxd3 Ng6
16.Bg3 O-O 17.Ne4 Qa5 18.a3 Qb6 19.Qd2 Bd7 20.Rb3 Qa7 21.Nf6+ gxf6 22.exf6 Bxf6
23.Rxf6 e5 24.Nf3 Be6 25.Qh6 Rfd8 26.Rd3 Rxd3 27.cxd3 Qc5 28.Bxe5 Qf8 29.Qg5 Rc8
30.h4 Bd5 31.h5 Bxf3 32.Rxf3 Rc6 33.Rf6 Rxf6 34.Bxf6 h6 35.Qg3 Qd6 36.Qxd6  1-0

[Event "FIN-chT"]
[Site "FIN"]
[Date "1992.??.??"]
[Round "?"]
[White "Kivisto, Mikko"]
[Black "Nykopp, Jan Michael F"]
[Result "1-0"]
[WhiteElo "2270"]
[BlackElo "2250"]

1.e4 c5 2.Nf3 e6 3.d4 cxd4 4.Nxd4 a6 5.Bd3 Nc6 6.Nxc6 bxc6 7.O-O d5 8.c4 Nf6
9.Nd2 Be7 10.Re1 Qc7 11.b3 Bc5 12.Qe2 h5 13.h3 Qg3 14.Nf1 Qe5 15.Bb2 d4 16.Nh2 Qc7
17.e5 Nd7 18.Qe4 Bb4 19.Re2 Bb7 20.Qxd4 O-O-O 21.Qe3 Bc5 22.Qf3 g5 23.Qxf7 g4
24.Qxe6 g3 25.Nf3 gxf2+ 26.Kf1 Rde8 27.Qf5 Ref8 28.e6 Rxf5 29.Bxf5 Nb6 30.Bxh8 Be7
31.Rd1 Qf4 32.Be4 Kb8 33.Be5+  1-0

[Event "FRA-chT"]
[Site "?"]
[Date "1992.??.??"]
[Round "?"]
[White "Berthelot, Yannick"]
[Black "Kesmaecker, Philippe"]
[Result "1-0"]
[WhiteElo "2350"]
[BlackElo "2345"]

1.e4 c5 2.Nf3 e6 3.d4 cxd4 4.Nxd4 a6 5.Bd3 Nf6 6.O-O Qc7 7.c4 d6 8.Nc3 g6
9.Be3 Bg7 10.h3 O-O 11.Qd2 Rd8 12.Rac1 Qe7 13.f4 Nc6 14.f5 Bd7 15.g4 exf5
16.exf5 Qe5 17.Nf3 Qg3+ 18.Qg2 Qxg2+ 19.Kxg2 gxf5 20.Bb6 fxg4 21.hxg4 Nxg4
22.Bxd8 Rxd8 23.Nd5 Nce5 24.Nxe5 Bxe5 25.Bf5 Kg7 26.Bxd7 Rxd7 27.b3 Nf6 28.Nxf6 Bxf6
29.Rcd1 Bc3 30.Rd5 Bb4 31.Rh1 h6 32.Kf3 Re7 33.Rg1+ Kf8 34.Rg2 Re6 35.Rf5 Bc5
36.Re2 Rxe2 37.Kxe2 Kg7 38.Kf3 Kg6 39.Kg4 b6 40.Rd5 a5 41.Rf5 Bb4 42.Rf2 h5+
43.Kf4 Bc5 44.Rg2+ Kf6 45.Rg8 Bb4 46.Rb8 Bc5 47.Rh8 Kg6 48.Rg8+ Kf6 49.Ke4 Bb4
50.Rg3 Bc5 51.Rf3+ Kg6 52.Kf4 Ba3 53.Rd3 Bc1+ 54.Kf3 Ba3 55.Rd5 Bb4 56.Kf4 Bc5
57.Rg5+ Kf6 58.Rxh5 Kg6 59.Rf5 Bb4 60.Ke4 Ba3 61.Rf1 Kg7 62.Kd5 Kf8 63.Kc6 Bc5
64.Kd7 Bb4 65.Rg1 Ba3 66.Rg5 Bc5 67.Rf5 Bb4 68.Kc6 Bc5 69.Rxc5 dxc5 70.Kxb6 Ke7
71.Kxc5 f5 72.Kd4 Kd6 73.a3  1-0

[Event "Fuerteventura op"]
[Site "Fuerteventura"]
[Date "1992.??.??"]
[Round "?"]
[White "Corzo, Amaury"]
[Black "Montiel, Pedro"]
[Result "0-1"]
[WhiteElo "2345"]
[BlackElo "2280"]

1.e4 c5 2.Nf3 e6 3.d4 cxd4 4.Nxd4 a6 5.Bd3 Nf6 6.O-O d6 7.c4 Nbd7 8.Nc3 Ne5
9.Be2 Be7 10.Be3 O-O 11.Rc1 Qc7 12.Kh1 Re8 13.f4 Ng6 14.Bd3 b6 15.Qd2 Bd7
16.b3 Rad8 17.Bb1 Qb8 18.Qd3 Qb7 19.Rce1 Bc8 20.Bg1 Qc7 21.a4 Nd7 22.h3 Bf6
23.Rd1 Bb7 24.Qd2 Nc5 25.b4 Nd7 26.Ba2 Ndf8 27.a5 bxa5 28.b5 e5 29.Nf5 exf4
30.bxa6 Bxe4 31.Nd5 Bxd5 32.cxd5 Qc8 33.Nd4 Bxd4 34.Qxd4 Qxa6 35.Bc4 Qc8
36.Bb5 Re5 37.Rc1 Qf5 38.Rc7 Rxd5 39.Qa7  0-1

[Event "Peer Gynt"]
[Site "Gausdal"]
[Date "1992.??.??"]
[Round "1"]
[White "Tammela, Kari"]
[Black "Van Wely, Loek"]
[Result "0-1"]
[WhiteElo "2340"]
[BlackElo "2525"]

1.e4 c5 2.Nf3 e6 3.d4 cxd4 4.Nxd4 a6 5.Bd3 g6 6.O-O Bg7 7.c3 d6 8.Kh1 Nf6
9.Bg5 Nbd7 10.Qe2 h6 11.Be3 O-O 12.f3 b6 13.Nd2 Bb7 14.Qf2 d5 15.Rad1 Qc7
16.N4b3 Rac8 17.Qe2 b5 18.Bf2 Rfe8 19.Rfe1 e5 20.Qf1 Bf8 21.Qg1 Be7 22.Ra1 Bc6
23.Rad1 Kg7 24.Qf1 Nh5 25.Qg1 Nf4 26.Bf1 h5 27.g3 Ne6 28.h4 dxe4 29.fxe4 Nf6
30.Bg2 Rb8 31.Qf1 a5 32.a3 Ng4 33.Bg1 Rec8 34.Qe2 b4 35.axb4 axb4 36.c4 Ba4
37.Rc1 Nc5 38.Nxc5 Bxc5 39.b3 Bd7 40.Rf1 Ra8 41.Nf3 Ra3 42.Rb1 Rca8 43.Ne1 Bxg1
44.Kxg1 Ra2 45.Nc2 Qc5+ 46.Kh1 Bc6 47.Bf3 Nf6 48.Rfd1 R8a7 49.Rd2 Rd7 50.Rxd7 Bxd7
51.Kg2 Bc6 52.Kf1 Qb6 53.Qd3 Qb7 54.Re1 Rb2 55.Re2 Rb1+ 56.Kf2 Qb6+ 57.Ne3 Rc1
58.Qd6 Nd7 59.g4 hxg4 60.Bxg4 Qc5 61.Qxc5 Nxc5 62.Nd5 Nxb3 63.Nxb4 Rxc4 64.Nxc6 Rxc6
65.Ra2 Rf6+ 66.Kg3 Rf4 67.Re2 Nc5 68.Bf3 Nd7 69.Rd2 Nf6 70.Re2 Nh5+ 71.Bxh5 gxh5
72.Re1 Kf6 73.Re2 Ke6 74.Re1 f6 75.Re3 Kd6 76.Ra3 Rxe4 77.Ra6+ Ke7 78.Ra7+ Ke6
79.Rh7 Rg4+ 80.Kh3 e4 81.Rxh5 Rg8 82.Ra5 f5 83.h5 e3 84.Ra1 f4 85.Re1 Kf5
86.Kh4 Rg4+ 87.Kh3 Kg5 88.h6 Rg3+ 89.Kh2 Kxh6 90.Ra1 Kg5  0-1

[Event "Geneve op"]
[Site "Geneve"]
[Date "1992.??.??"]
[Round "3"]
[White "Landenbergue, Claude"]
[Black "Martinovic, Slobodan"]
[Result "1-0"]
[WhiteElo "2410"]
[BlackElo "2460"]

1.e4 c5 2.Nf3 e6 3.d4 cxd4 4.Nxd4 a6 5.Bd3 Qb6 6.Nb3 Qc7 7.O-O Nf6 8.Nc3 d6
9.f4 Be7 10.Qf3 Nc6 11.Bd2 O-O 12.Rae1 Nb4 13.e5 Nxd3 14.cxd3 dxe5 15.fxe5 Nd7
16.Qg3 Kh8 17.d4 Nb6 18.Bg5 Bxg5 19.Qxg5 Bd7 20.Re3 Qd8 21.Qh5 Be8 22.Rh3 h6
23.Rf6  1-0

[Event "Geneve op"]
[Site "Geneve"]
[Date "1992.??.??"]
[Round "5"]
[White "Gallagher, Joseph G"]
[Black "Milosevic, Goran"]
[Result "1/2-1/2"]
[WhiteElo "2510"]
[BlackElo "2405"]

1.e4 c5 2.Nf3 e6 3.d4 cxd4 4.Nxd4 a6 5.Bd3 Nf6 6.O-O Qc7 7.Qe2 d6 8.c4 Nc6
9.Nxc6 bxc6 10.Nc3 Be7 11.Be3 c5 12.f4 O-O 13.g4 Bb7 14.g5 Nd7 15.Rf3 Rfe8
16.Rh3 g6 17.Qf2 f5 18.Qh4 Nf8 19.Bd2 Bd8 20.Re1 Qd7 21.Bc2 Bc6 22.Rhe3 Ba5
23.Qf2 Rab8 24.b3 Bxc3 25.Rxc3 fxe4 26.Bxe4 d5 27.Rd3 d4 28.Qf3 Bxe4 29.Qxe4 Qf7
30.Ba5 Re7 31.Rf3 Rd7 32.Kg2 Rc8 33.Kg3 Qe8 34.h4 Rf7 35.h5 Rf5 36.h6 Qf7
37.Kf2 Re8 38.Bd2 Rb8 39.Qc6 Qb7 40.Qd6 Rc8 41.Re5 Qc6 42.Qxc6 Rxc6 43.Re4 Rf7
44.b4 cxb4 45.Rxd4 a5 46.Ke2 Rfc7 47.a3 Rxc4 48.Rxc4 Rxc4 49.axb4 axb4 50.Kd3 Rc5
51.Bxb4 Rb5 52.Bxf8 Kxf8 53.Ke4 Rb4+ 54.Ke5 Rb5+ 55.Kf6 Rf5+ 56.Kxe6 Kg8
57.Rf1 Rf8 58.Ke5 Re8+ 59.Kd4 Kh8 60.Ra1 Rd8+ 61.Ke5 Re8+ 62.Kf6 Rf8+ 63.Ke7 Kg8
64.Ra4 Rf7+ 65.Ke6 Rf8 66.Rd4 Re8+ 67.Kd7 Rf8 68.Re4 Rf7+ 69.Ke6 Rf8 70.Kd5 Rd8+
71.Kc4 Kh8 72.Re7 Kg8 73.Rg7+ Kh8 74.Rf7 Kg8 75.Rg7+ Kh8  1/2-1/2

[Event "Oberliga Nord N9192"]
[Site "Germany"]
[Date "1992.??.??"]
[Round "?"]
[White "Joecks, Christian"]
[Black "Chuchelov, Vladimir"]
[Result "0-1"]
[WhiteElo "2380"]
[BlackElo "2490"]

1.e4 c5 2.Nf3 e6 3.d4 cxd4 4.Nxd4 a6 5.Bd3 Nf6 6.O-O Qc7 7.c4 Nc6 8.Nxc6 dxc6
9.f4 e5 10.Kh1 Bc5 11.Nc3 Ng4 12.Qf3 Qd8 13.Qg3 Bf2 14.Qf3 Bc5 15.Qg3 Qd4
16.Bd2 O-O 17.Na4 Nf2+ 18.Rxf2 Qxf2 19.Nxc5 Qxd2 20.fxe5 Qxb2 21.Rf1 Qxa2
22.e6 Bxe6 23.e5 Rad8 24.Ne4 Rxd3 25.Nf6+ Kh8 26.Qxd3 gxf6 27.Qf3 f5 28.Qh5 Rg8  0-1

[Event "GER CupT"]
[Site "Germany"]
[Date "1992.??.??"]
[Round "?"]
[White "Meier, Volker"]
[Black "Hort, Vlastimil"]
[Result "0-1"]
[WhiteElo "2295"]
[BlackElo "2560"]

1.e4 c5 2.Nf3 e6 3.d4 cxd4 4.Nxd4 a6 5.Bd3 Ne7 6.O-O g6 7.c3 Bg7 8.Qe2 O-O
9.Nd2 Nbc6 10.N4f3 Qc7 11.Re1 d6 12.Nb3 b6 13.Bg5 h6 14.Bd2 e5 15.c4 Be6
16.Bc3 Rae8 17.Rad1 f5 18.Nfd2 a5 19.Na1 f4 20.Nc2 g5 21.f3 Ng6 22.Na3 h5
23.Nb5 Qe7 24.Qf2 Rb8 25.a3 g4 26.b4 Bf6 27.Qf1 Kh8 28.Bc2 Nh4 29.Kh1 Rg8
30.Nb3 gxf3 31.gxf3 Rg2 32.Rxd6 Rbg8 33.Rxc6 Qg7 34.N3d4 Bh3 35.Nf5 Rg1+
36.Qxg1 Bg2+  0-1

[Event "BL2-N9192"]
[Site "Germany"]
[Date "1992.??.??"]
[Round "?"]
[White "Kupfer, Michael"]
[Black "Mattick, Lutz"]
[Result "0-1"]
[WhiteElo "2220"]
[BlackElo "2225"]

1.e4 c5 2.Nf3 e6 3.d4 cxd4 4.Nxd4 a6 5.Bd3 Nf6 6.O-O Qc7 7.Qe2 d6 8.b3 g6
9.Bb2 Bg7 10.c4 O-O 11.Nc2 Nbd7 12.f4 Rd8 13.Kh1 Nc5 14.Nd2 b5 15.Ne3 Bb7
16.f5 Nxd3 17.Qxd3 bxc4 18.bxc4 Qe7 19.fxg6 hxg6 20.Rab1 Rab8 21.Ba3 Nh5
22.Nf3 f5 23.exf5 gxf5 24.Rbd1 Be4 25.Qd2 Qf6 26.Bxd6 Rb2 27.Qa5 Bxf3 28.Rxf3 Qg5
29.Qe1 f4 30.Bxf4 Rxd1 31.Qxd1 Nxf4 32.Rg3 Qe7 33.Ng4 Rxa2 34.Qc1 Ra1 35.Nh6+ Kh7  0-1

[Event "BL2-W9192"]
[Site "Germany"]
[Date "1992.??.??"]
[Round "?"]
[White "Rechel, Bernd"]
[Black "Pekarek, Ales"]
[Result "0-1"]
[WhiteElo "2365"]
[BlackElo "2455"]

1.e4 c5 2.Nf3 e6 3.d4 cxd4 4.Nxd4 a6 5.Bd3 Nf6 6.O-O Qc7 7.b3 Bc5 8.Bb2 d6
9.Kh1 Nbd7 10.Nd2 b5 11.a4 b4 12.f4 Bb7 13.Qe2 h5 14.e5 dxe5 15.fxe5 Ng4
16.Be4 Qxe5 17.N4f3 Qxb2 18.Bxb7 Ra7 19.Ne4 g6 20.Bc6 Be7 21.Rad1 Rc7 22.Qxa6 O-O
23.Rxd7 Rxd7 24.Bxd7 Qxc2 25.Qc4 Qxc4 26.bxc4 Ne3 27.Rc1 Rd8 28.Bb5 b3 29.Rg1 b2
30.Ned2 Bb4 31.Nb1 Nd1 32.g3 f6 33.a5 Bxa5 34.c5 Kg7 35.c6 e5 36.Nfd2 Ne3
37.Nc4 Nxc4 38.Bxc4 Rd4 39.Be2 Rd5 40.Bf3 Rc5 41.Rd1 f5 42.Bd5 e4 43.Kg1 Rc2
44.Na3 Rc1 45.Bb3 Rc3 46.Rd7+ Kh6 47.Rb7 Rxc6 48.Kg2 Rc3 49.Bg8 Rxa3 50.Rxb2 Rc3
51.Bb3 Bc7 52.Bd1 Be5 53.Rc2 Ra3 54.Re2 Ra1 55.Rd2 Bc3 56.Rd5 Ra2+ 57.Kg1 Rb2
58.h3 Be1 59.g4 hxg4 60.hxg4 Kg5 61.gxf5 gxf5 62.Ba4 Bf2+ 63.Kf1 Bg3 64.Bd7 e3
65.Bb5 Rf2+ 66.Kg1 e2  0-1

[Event "BL2-S9192"]
[Site "Germany"]
[Date "1992.??.??"]
[Round "?"]
[White "Zuse, Klaus Peter"]
[Black "Raupp, Thomas"]
[Result "1-0"]
[WhiteElo "2255"]
[BlackElo "2345"]

1.e4 c5 2.Nf3 e6 3.d4 cxd4 4.Nxd4 a6 5.Bd3 Bc5 6.Nb3 Ba7 7.Nc3 Nc6 8.Qe2 d6
9.Be3 e5 10.O-O-O Nf6 11.Rd2 Bg4 12.f3 Bxe3 13.Qxe3 Be6 14.Rhd1 Qc7 15.Be2 Rd8
16.g3 O-O 17.f4 b5 18.Nd5 Bxd5 19.exd5 Na5 20.fxe5 Nxb3+ 21.axb3 dxe5 22.d6 Qa5
23.Kb1 Nd7 24.g4 Qb4 25.g5 f5 26.gxf6 Rxf6 27.Qa7 Qh4 28.Qxa6 Rf2 29.Qxb5 Qxh2
30.Qa5 Rdf8 31.Bb5 Rxd2 32.Qxd2 Qh3 33.Qd5+ Kh8 34.Bxd7 Qxd7 35.Qxe5 Re8
36.Qd5 h6 37.c4 g5 38.c5 Rc8 39.Rf1  1-0

[Event "BL2-S9192"]
[Site "Germany"]
[Date "1992.??.??"]
[Round "?"]
[White "Syska, Albert"]
[Black "Bosbach, Gerhard"]
[Result "1-0"]
[WhiteElo "2275"]
[BlackElo "2260"]

1.e4 c5 2.Nf3 e6 3.d4 cxd4 4.Nxd4 a6 5.Bd3 Bc5 6.Nb3 Ba7 7.Qe2 Nc6 8.Be3 Bxe3
9.Qxe3 Nf6 10.Nc3 d6 11.O-O-O O-O 12.g4 Nxg4 13.Qg3 Nf6 14.f4 g6 15.e5 Nh5
16.Qf2 d5 17.Be2 f5 18.Rhg1 Ng7 19.h4 Bd7 20.h5 Ne7 21.Nd4 Qb6 22.Qh4 Rf7
23.hxg6 Nxg6 24.Qh6 Rc8 25.Rg3 Bb5 26.Bxb5 axb5 27.Ncxb5 Rc5 28.Rh1 Rxb5
29.Nxb5 Qxb5 30.Qxh7+ Kf8 31.Rxg6 Ne8 32.Qh6+  1-0

[Event "BL2-S9192"]
[Site "Germany"]
[Date "1992.??.??"]
[Round "?"]
[White "Mokry, Karel"]
[Black "Arnold, Lothar"]
[Result "1-0"]
[WhiteElo "2535"]
[BlackElo "2320"]

1.e4 c5 2.Nf3 e6 3.d4 cxd4 4.Nxd4 a6 5.Bd3 Bc5 6.Nb3 Ba7 7.Qe2 Nc6 8.Be3 d6
9.Nc3 Nf6 10.f4 Qc7 11.Bxa7 Rxa7 12.O-O-O b5 13.Bxb5 axb5 14.Nxb5 Qb6 15.Nxd6+ Ke7
16.e5 Nd5 17.Rhe1 Ba6 18.Qh5 Kf8 19.f5 Nxe5 20.Rxe5 Qxd6 21.fxe6 Bc4 22.Rexd5 Bxd5
23.Rxd5 Qf4+ 24.Kb1 g6 25.Qe2 Re7 26.Nc5 Kg7 27.g3 Qf6 28.Re5 Rhe8 29.a4 fxe6
30.a5 Kg8 31.Nd3 Rb8 32.b3 Ra7 33.Nf4 Qe7 34.Rxe6 Qd7 35.Re5 Qc6 36.Qd3 Rd7
37.Nd5 Kf7 38.Qe4 Rbb7 39.Qf4+ Kg7 40.Qd4 Kf7 41.Qf4+ Kg7 42.Re8 Rf7 43.Qe5+ Kh6
44.Qe3+ Kg7 45.Nf4 h6 46.Re6 Qh1+ 47.Kb2 Qxh2 48.Rxg6+ Kh7 49.Qe4 Rbd7 50.Rxh6+  1-0